[Event "Kerkyra op"]
[Site "Kerkyra"]
[Date "2009.09.06"]
[Round "2"]
[White "Delithanasis, Dimitrios"]
[Black "Georgiadis, Alexandros"]
[Result "1-0"]
[WhiteElo "2244"]
[BlackElo "1940"]
[PlyCount "79"]
[EventDate "2009.09.05"]
[EventType "swiss"]
[EventRounds "9"]
[EventCountry "GRE"]
[SourceTitle "CBM 132 Extra"]
[Source "ChessBase"]
[SourceDate "2009.11.03"]
[SourceVersion "1"]
[SourceVersionDate "2009.11.03"]
[SourceQuality "1"]

1. Nf3 d5 2. g3 Nf6 3. Bg2 g6 4. b3 Bg7 5. Bb2 0-0 6. c4 c6 7. 0-0 Nbd7 8. d3 Re8 9. Qc2 e5 10. cxd5 Nxd5 11. a3 a5 12. Nbd2 Qe7 13. Rac1 f6 14. Qb1 Bh6 15. Rc2 N5b6 16. Rfc1 Nf8 17. e3 Be6 18. d4 exd4 19. Bxd4 Nbd7 20. Qb2 Bf7 21. Bc3 Bg7 22. Ng5 Ne6 23. Nxf7 Qxf7 24. Ne4 Qe7 25. b4 f5 26. Bxg7 Nxg7 27. Nc5 Nxc5 28. Rxc5 axb4 29. axb4 Ne6 30. Re5 Ra4 31. Rb1 Rea8 32. b5 Qd6 33. bxc6 bxc6 34. f4 R4a5 35. Rxa5 Rxa5 36. Qf6 Ra8 37. Rb7 Rf8 38. Rg7+ Kh8 39. Rf7+ Kg8 40. Rxf8+ 1-0

[Event "World Amateur-ch"]
[Site "Thessaloniki"]
[Date "2009.04.27"]
[Round "1"]
[White "Georgiadis, Alexandros"]
[Black "Kipraki, Nikoleta"]
[Result "0-1"]
[WhiteElo "1989"]
[BlackElo "1637"]
[PlyCount "106"]
[EventDate "2009.04.27"]
[EventType "swiss"]
[EventRounds "9"]
[EventCountry "GRE"]
[SourceTitle "CBM 130 Extra"]
[Source "ChessBase"]
[SourceDate "2009.07.02"]
[SourceVersion "2"]
[SourceVersionDate "2009.07.15"]
[SourceQuality "1"]

1. d4 c6 2. e4 d5 3. exd5 cxd5 4. Bd3 Nc6 5. c3 Nf6 6. Bf4 Bg4 7. Qb3 Qd7 8. Nd2 e6 9. Ngf3 Bh5 10. Ne5 Qc8 11. Qa4 a6 12. Ndf3 Bxf3 13. Nxf3 Be7 14. h3 0-0 15. 0-0 b5 16. Qc2 Qb7 17. a4 b4 18. Qe2 Rfc8 19. Ne5 Nxe5 20. dxe5 Nd7 21. c4 Nb6 22. cxd5 Nxd5 23. Bg3 Rc7 24. Be4 Rd8 25. Qf3 Qb6 26. Rfd1 Rcd7 27. a5 Qb5 28. Bd3 Qb7 29. Bc4 Qc6 30. b3 Qb7 31. Rd3 Qa8 32. Rad1 Bf8 33. Kh2 h6 34. Bh4 g5 35. Bg3 Be7 36. Qg4 Kg7 37. h4 Rh8 38. hxg5 hxg5+ 39. Kg1 Rh6 40. Bxd5 Rxd5 41. Rxd5 exd5 42. Bh2 Qd8 43. f4 Rh4 44. Qf3 Qxa5 45. f5 f6 46. Qxd5 Qb6+ 47. Kh1 Qc7 48. g3 Rh6 49. exf6+ Kxf6 50. Qe6+ Kg7 51. Qe4 Kf7 52. Kg2 Qc6 53. Re1 Rd6 0-1

[Event "Greek CC Unions op 2nd"]
[Site "Greece"]
[Date "2008.06.24"]
[Round "5"]
[White "Georgiadis, Alexandros"]
[Black "Tsikerdanos, Konstantinos"]
[Result "1-0"]
[WhiteElo "1944"]
[BlackElo "2024"]
[PlyCount "141"]
[EventDate "2008.06.21"]
[EventType "swiss"]
[EventRounds "7"]
[EventCountry "GRE"]
[SourceTitle "EXT 2010"]
[Source "ChessBase"]
[SourceDate "2010.11.25"]
[SourceVersion "1"]
[SourceVersionDate "2010.11.25"]
[SourceQuality "1"]

1. d4 d5 2. Nf3 e6 3. Bf4 c5 4. e3 Qb6 5. b3 cxd4 6. exd4 Nf6 7. Bd3 Bd6 8. Bg3 0-0 9. 0-0 Bxg3 10. hxg3 Nc6 11. Re1 Nb4 12. Bf1 Ne4 13. c3 Nc6 14. c4 Bd7 15. a3 Rae8 16. b4 a6 17. c5 Qd8 18. Qb3 g5 19. Qb2 f5 20. b5 axb5 21. Bxb5 g4 22. Bxc6 bxc6 23. Ne5 f4 24. gxf4 Rxf4 25. Nd3 g3 26. fxg3 Rg4 27. Ne5 Rxg3 28. a4 Bc8 29. Ra3 Rf8 30. Rxe4 Rg5 31. Re1 Kh8 32. Rh3 Qa5 33. Qd2 Qd8 34. Nf3 Rg7 35. Re5 Rfg8 36. Ne1 Qf6 37. Qf2 Qg6 38. Nd2 Rf7 39. Rf3 Rfg7 40. Rf6 Qg4 41. Ndf3 Ra7 42. Qh4 Qxh4 43. Nxh4 Rxa4 44. Nhf3 Ra7 45. Rf4 Rag7 46. Re2 Ra7 47. Ne5 Rc7 48. Rf7 Rg7 49. Rxc7 Rxc7 50. Rb2 Ba6 51. Rb6 Bb5 52. Nc2 Kg7 53. Nb4 Kf6 54. Nbxc6 Bxc6 55. Nxc6 Kf5 56. Ne5 Ke4 57. Rb4 Ke3 58. c6 h5 59. Kh2 Ke4 60. Kg3 Rc8 61. Kh4 Rg8 62. g3 Ke3 63. Kxh5 Ke4 64. Ng6 Rg7 65. Kg5 Rc7 66. Ne5 Rg7+ 67. Kf6 Rxg3 68. Kxe6 Rh3 69. c7 Rh6+ 70. Ke7 Rh8 71. Rb8 1-0

[Event "Greek CC Unions op 2nd"]
[Site "Greece"]
[Date "2008.06.21"]
[Round "1"]
[White "Anev, Asen"]
[Black "Georgiadis, Alexandros"]
[Result "0-1"]
[WhiteElo "2086"]
[BlackElo "1944"]
[PlyCount "104"]
[EventDate "2008.06.21"]
[EventType "swiss"]
[EventRounds "7"]
[EventCountry "GRE"]
[SourceTitle "EXT 2010"]
[Source "ChessBase"]
[SourceDate "2010.11.25"]
[SourceVersion "1"]
[SourceVersionDate "2010.11.25"]
[SourceQuality "1"]

1. d4 d5 2. Nf3 Nf6 3. c4 c6 4. Nc3 a6 5. c5 Bf5 6. Bf4 g6 7. Qb3 Ra7 8. h3 h5 9. e3 Nbd7 10. Na4 Qa5+ 11. Nc3 Bg7 12. Be2 0-0 13. 0-0 Re8 14. Ne5 Nxe5 15. Bxe5 Nd7 16. Bxg7 Kxg7 17. g4 hxg4 18. hxg4 Be6 19. f4 Qc7 20. Kg2 f6 21. Rh1 Raa8 22. Rh3 Rh8 23. Rah1 Rxh3 24. Rxh3 Rh8 25. Rxh8 Kxh8 26. Ne4 Bg8 27. Ng3 e5 28. f5 Bf7 29. fxg6 Bxg6 30. Bf3 e4 31. Be2 a5 32. Qd1 b6 33. Qh1+ Kg7 34. Nf5+ Bxf5 35. gxf5 bxc5 36. Qh5 Nf8 37. dxc5 Qe5 38. Qg4+ Kf7 39. Qh5+ Ke7 40. b3 Kd8 41. Qh8 Qe7 42. Bh5 Kc7 43. a3 Qxc5 44. Qxf6 Nd7 45. Qe6 Qxe3 46. f6 Qg5+ 47. Bg4 Nxf6 48. Qc8+ Kd6 49. Qb8+ Ke7 50. Qc7+ Kf8 51. Qd8+ Kg7 52. Qe7+ Kg6 0-1